[Event "Bhopal op"]
[Site "Bhopal"]
[Date "2017.12.27"]
[Round "9"]
[White "Matta, Vinay Kumar"]
[Black "Deepthamsh, Reddy M"]
[Result "1-0"]
[WhiteElo "2306"]
[BlackElo "1985"]
[PlyCount "37"]
[EventDate "2017.12.21"]
[EventType "swiss"]
[EventRounds "10"]
[EventCountry "IND"]
[SourceTitle "CBM 182 Extra"]
[Source "ChessBase"]
[SourceDate "2018.02.23"]
[SourceVersion "1"]
[SourceVersionDate "2018.02.23"]
[SourceQuality "1"]

1. e4 c5 2. Ne2 d6 3. d4 cxd4 4. Nxd4 Nf6 5. Nc3 a6 6. Bg5 e6 7. f4 b5 8. Bd3 Bb7 9. e5 dxe5 10. fxe5 Qc7 11. exf6 Qe5+ 12. Qe2 Qxg5 13. Nxe6 fxe6 14. Qxe6+ Kd8 15. Be4 Qe3+ 16. Kf1 Bc5 17. Rd1+ Kc7 18. Qf7+ Kb6 19. Qxb7+ 1-0

[Event "Wch U20 53rd"]
[Site "Pune"]
[Date "2014.10.17"]
[Round "11"]
[White "Nazario, Marc Christian"]
[Black "Deepthamsh, Reddy M"]
[Result "1-0"]
[WhiteElo "2029"]
[BlackElo "2071"]
[PlyCount "115"]
[EventDate "2014.10.06"]
[EventType "swiss"]
[EventRounds "13"]
[EventCountry "IND"]
[SourceTitle "EXT 2015"]
[Source "ChessBase"]
[SourceDate "2014.11.20"]
[SourceVersion "1"]
[SourceVersionDate "2014.11.20"]
[SourceQuality "1"]

1. e4 c5 2. Nf3 d6 3. Bb5+ Nd7 4. c4 Ngf6 5. 0-0 Nxe4 6. Re1 Nef6 7. d4 a6 8. Ba4 cxd4 9. Nxd4 e6 10. Bf4 Qa5 11. Nc3 Qh5 12. Qd2 Be7 13. c5 Qxc5 14. Rxe6 b5 15. Bxd6 fxe6 16. Bxc5 Nxc5 17. Bb3 Bd7 18. Re1 Nxb3 19. axb3 b4 20. Na4 Rd8 21. Qe2 0-0 22. Nxe6 Bxe6 23. Qxe6+ Rf7 24. g3 Bf8 25. Qxa6 Rd2 26. Re2 Rd6 27. Qc4 h5 28. h3 g6 29. Kh2 Kg7 30. Qxb4 Rd1 31. Qc3 h4 32. Nc5 hxg3+ 33. fxg3 Bxc5 34. Qxc5 Rd5 35. Qc6 Rfd7 36. b4 R5d6 37. Qc4 Rd4 38. Qc3 R4d6 39. Rf2 Rd4 40. Rf4 R4d6 41. h4 Kf7 42. b5 Ke7 43. Qe5+ Kf7 44. Kh3 Re6 45. Qc3 Ke7 46. Qc5+ Kf7 47. b4 Kg7 48. Qc3 Kf7 49. g4 Ke7 50. Rf3 Rdd6 51. g5 Nd7 52. Rd3 Rxd3+ 53. Qxd3 Rd6 54. Qc3 Ke6 55. h5 gxh5 56. Kh4 Ne5 57. Qc8+ Kd5 58. b6 1-0

[Event "Wch U20 53rd"]
[Site "Pune"]
[Date "2014.10.11"]
[Round "6"]
[White "Pastar, Slaven"]
[Black "Deepthamsh, Reddy M"]
[Result "1/2-1/2"]
[WhiteElo "2159"]
[BlackElo "2071"]
[PlyCount "55"]
[EventDate "2014.10.06"]
[EventType "swiss"]
[EventRounds "13"]
[EventCountry "IND"]
[SourceTitle "EXT 2015"]
[Source "ChessBase"]
[SourceDate "2014.11.20"]
[SourceVersion "1"]
[SourceVersionDate "2014.11.20"]
[SourceQuality "1"]

1. e4 c5 2. Nc3 d6 3. f4 g6 4. Nf3 Bg7 5. Bc4 Nc6 6. 0-0 Nf6 7. Qe1 0-0 8. Qh4 Nd4 9. d3 Rb8 10. f5 b5 11. Bb3 Nxb3 12. axb3 Rb7 13. Bh6 b4 14. Ne2 Ne8 15. Ng5 f6 16. Nxh7 g5 17. Qh5 Kxh7 18. Bxg7+ Kxg7 19. Qg6+ Kh8 20. Rf3 Ng7 21. Rh3+ Kg8 22. Rh7 e6 23. Qh6 exf5 24. Ng3 f4 25. Rh8+ Kf7 26. Rh7 Kg8 27. Rh8+ Kf7 28. Rh7 1/2-1/2

[Event "Commonwealth-ch"]
[Site "Chennai"]
[Date "2012.12.01"]
[Round "11"]
[White "Nolte, Rolando"]
[Black "Deepthamsh, Reddy M"]
[Result "1-0"]
[WhiteElo "2445"]
[BlackElo "2115"]
[PlyCount "67"]
[EventDate "2012.11.23"]
[EventType "swiss"]
[EventRounds "11"]
[EventCountry "IND"]
[SourceTitle "CBM 151 Extra"]
[Source "ChessBase"]
[SourceDate "2012.12.18"]
[SourceVersion "1"]
[SourceVersionDate "2012.12.18"]
[SourceQuality "1"]

1. Nf3 d5 2. g3 Nf6 3. Bg2 Bf5 4. 0-0 c6 5. d3 h6 6. Nbd2 e6 7. Qe1 Be7 8. e4 Bh7 9. Qe2 0-0 10. b3 b5 11. Bb2 a5 12. a3 Qb6 13. Kh1 Re8 14. Rab1 Na6 15. Ne5 Nc7 16. f4 a4 17. b4 c5 18. g4 dxe4 19. dxe4 h5 20. g5 Ng4 21. Nxg4 hxg4 22. Qxg4 Rad8 23. g6 fxg6 24. Nf3 cxb4 25. axb4 Bxb4 26. Ng5 Be7 27. Rf3 Bxg5 28. Qxg5 Qd6 29. Rd3 Qf8 30. Rh3 Qe7 31. Qg4 b4 32. Rg1 e5 33. Bxe5 Ne6 34. Bf1 1-0

[Event "Commonwealth-ch"]
[Site "Chennai"]
[Date "2012.11.29"]
[Round "9"]
[White "Ravichandran, Siddharth"]
[Black "Deepthamsh, Reddy M"]
[Result "1/2-1/2"]
[WhiteElo "2381"]
[BlackElo "2115"]
[PlyCount "160"]
[EventDate "2012.11.23"]
[EventType "swiss"]
[EventRounds "11"]
[EventCountry "IND"]
[SourceTitle "CBM 151 Extra"]
[Source "ChessBase"]
[SourceDate "2012.12.18"]
[SourceVersion "1"]
[SourceVersionDate "2012.12.18"]
[SourceQuality "1"]

1. e4 c5 2. Nf3 d6 3. d4 cxd4 4. Nxd4 Nf6 5. Nc3 a6 6. h3 e6 7. g4 d5 8. exd5 Nxd5 9. Nde2 Bb4 10. Bg2 0-0 11. a3 Nxc3 12. Qxd8 Rxd8 13. Nxc3 Bxc3+ 14. bxc3 Nc6 15. Be3 e5 16. Rb1 Re8 17. 0-0 Na5 18. Rfd1 h6 19. a4 Be6 20. Bb6 Nc6 21. Bc7 Rac8 22. Rxb7 Re7 23. Bxc6 Rexc7 24. Rxc7 Rxc7 25. Rd8+ Kh7 26. Rd6 g6 27. a5 Bc4 28. f3 Kg7 29. h4 Kf8 30. Be4 Bb5 31. Bd3 Bxd3 32. cxd3 Rxc3 33. Kf2 Ra3 34. Rxa6 Rxd3 35. Rb6 Ra3 36. a6 h5 37. g5 Kg7 38. Rf6 Ra4 39. Kg3 Ra3 40. Kf2 Ra4 41. f4 exf4 42. Kf3 Ra3+ 43. Kxf4 Rh3 44. Ke5 Rh1 45. Kd6 Rxh4 46. Kc6 Rg4 47. a7 Rxg5 48. Rxf7+ Kxf7 49. a8Q Rf5 50. Qh8 Ke6 51. Qg7 Rf6 52. Qd7+ Ke5+ 53. Kc5 Rf5 54. Qd6+ Ke4+ 55. Kc4 Rg5 56. Qe6+ Kf4 57. Kd4 Rg4 58. Qf6+ Kg3+ 59. Ke3 Kh3 60. Kf2 Rg2+ 61. Kf1 Rg4 62. Qf2 Rg3 63. Qf4 Rg4 64. Qf6 Kh2 65. Qf3 Rg1+ 66. Kf2 Rg4 67. Qe3 Rg2+ 68. Kf1 Rg4 69. Qe5+ Kh3 70. Qf6 Kh2 71. Qe5+ Kh3 72. Qd6 Kh4 73. Qe7+ Kh3 74. Qe6 Kh4 75. Qe3 Rg3 76. Qe5 Kh3 77. Qe4 Rg4 78. Qh1+ Kg3 79. Ke2 Kf4 80. Qc1+ Kf5 1/2-1/2

[Event "Mumbai Mayors Cup 4th"]
[Site "Mumbai"]
[Date "2011.09.17"]
[Round "2"]
[White "Satyapragyan, Swayangsu"]
[Black "Deepthamsh, Reddy M"]
[Result "1-0"]
[WhiteElo "2415"]
[BlackElo "2107"]
[PlyCount "105"]
[EventDate "2011.09.16"]
[EventType "swiss"]
[EventRounds "11"]
[EventCountry "IND"]
[SourceTitle "CBM 144 Extra"]
[Source "ChessBase"]
[SourceDate "2011.10.28"]
[SourceVersion "1"]
[SourceVersionDate "2011.10.28"]
[SourceQuality "1"]

1. e4 c5 2. Nc3 e6 3. Nf3 d6 4. d4 cxd4 5. Nxd4 Nf6 6. Be3 Be7 7. f3 a6 8. Qd2 0-0 9. 0-0-0 b5 10. g4 Bb7 11. Bd3 Nc6 12. Nxc6 Bxc6 13. Ne2 Qc7 14. Nd4 Bb7 15. Kb1 Nd7 16. h4 d5 17. g5 dxe4 18. fxe4 Nc5 19. Qg2 Qe5 20. Nf3 Bxe4 21. Bxc5 Bxf3 22. Qxf3 Qxc5 23. Qe4 g6 24. h5 Qxg5 25. hxg6 hxg6 26. Rdg1 Qf6 27. Rh6 Kg7 28. Rhxg6+ fxg6 29. Rxg6+ Kf7 30. Rxf6+ Kxf6 31. a3 Bd6 32. Qh4+ Kf7 33. Be2 Ke8 34. Qe4 Kd7 35. Bg4 Kc7 36. Bh3 Rab8 37. Qxe6 Rfd8 38. Qf7+ Kb6 39. Bg2 Rf8 40. Qg7 Rfd8 41. Qd4+ Bc5 42. Qe4 Bd6 43. c4 bxc4 44. Qxc4 Ka7 45. Qf7+ Kb6 46. Ka2 Bc5 47. Bf1 Rd6 48. Qc4 Ra8 49. a4 Rd4 50. a5+ Kc6 51. Qe6+ Kc7 52. Qe5+ Rd6 53. Qxc5+ 1-0

[Event "New Delhi Parsvnath op 8th"]
[Site "New Delhi"]
[Date "2010.01.14"]
[Round "2"]
[White "Deepthamsh, Reddy M"]
[Black "Bitoon, Richard"]
[Result "0-1"]
[WhiteElo "2182"]
[BlackElo "2458"]
[PlyCount "80"]
[EventDate "2010.01.14"]
[EventType "swiss"]
[EventRounds "11"]
[EventCountry "IND"]
[SourceTitle "CBM 134 Extra"]
[Source "ChessBase"]
[SourceDate "2010.03.03"]
[SourceVersion "1"]
[SourceVersionDate "2010.03.03"]
[SourceQuality "1"]

1. d4 Nf6 2. Nf3 e6 3. c4 b6 4. a3 Bb7 5. Nc3 d5 6. cxd5 Nxd5 7. Qc2 Be7 8. e4 Nxc3 9. bxc3 0-0 10. Bd3 c5 11. 0-0 Nc6 12. Bb2 cxd4 13. cxd4 Rc8 14. Qe2 Bf6 15. Rad1 Na5 16. Rfe1 Qc7 17. Nd2 Rfd8 18. Qe3 Qd7 19. e5 Be7 20. h4 b5 21. h5 Nc4 22. Nxc4 bxc4 23. Be4 Bxe4 24. Qxe4 c3 25. Bc1 Rc4 26. Be3 Bxa3 27. Qc2 h6 28. Rb1 Rdc8 29. Rb3 Bb2 30. Qe2 Qd5 31. Rxb2 cxb2 32. Qxb2 a5 33. Ra1 a4 34. Qb1 Qa5 35. Qd1 a3 36. Qg4 Qxe5 37. dxe5 Rxg4 38. Rxa3 Rh4 39. Ra5 Rb8 40. g3 Rxh5 0-1

[Event "Wch U16"]
[Site "Kemer"]
[Date "2009.11.20"]
[Round "9"]
[White "Prasanna Raghuram, Rao"]
[Black "Deepthamsh, Reddy M"]
[Result "1-0"]
[WhiteElo "2310"]
[BlackElo "2192"]
[PlyCount "95"]
[EventDate "2009.11.12"]
[EventType "swiss"]
[EventRounds "11"]
[EventCountry "TUR"]
[SourceTitle "EXT 2010"]
[Source "ChessBase"]
[SourceDate "2010.11.25"]
[SourceVersion "1"]
[SourceVersionDate "2010.11.25"]
[SourceQuality "1"]

1. e4 c5 2. Nf3 d6 3. d4 cxd4 4. Nxd4 Nf6 5. Nc3 a6 6. g3 e5 7. Nb3 Nbd7 8. a4 b6 9. Bg2 Bb7 10. 0-0 Be7 11. Nd2 Rc8 12. Qe2 0-0 13. Nc4 Qc7 14. b3 Bc6 15. Ba3 Rfd8 16. Ne3 g6 17. Qxa6 Bb7 18. Qc4 Qb8 19. Qd3 Nc5 20. Bxc5 dxc5 21. Qe2 Qa8 22. Ncd5 Nxd5 23. exd5 Bf6 24. Rad1 Ba6 25. Nc4 Qb8 26. Rfe1 Bxc4 27. Qxc4 Qd6 28. Qb5 Ra8 29. c3 Ra5 30. Qc6 Bg7 31. Bf1 Ra7 32. Bb5 f5 33. f3 Rc7 34. Qxd6 Rxd6 35. Kf2 Re7 36. b4 e4 37. bxc5 bxc5 38. Rc1 Kf8 39. Bc6 Bh6 40. Rc2 Kf7 41. a5 Ra7 42. Ra2 Bg7 43. Re3 Bh6 44. Ree2 Bg7 45. Ra3 exf3 46. Kxf3 g5 47. a6 Bf6 48. Rb2 1-0

[Event "Wch U16"]
[Site "Kemer"]
[Date "2009.11.16"]
[Round "6"]
[White "Deepthamsh, Reddy M"]
[Black "Bolat, Ahmet"]
[Result "1/2-1/2"]
[WhiteElo "2192"]
[BlackElo "1938"]
[PlyCount "65"]
[EventDate "2009.11.12"]
[EventType "swiss"]
[EventRounds "11"]
[EventCountry "TUR"]
[SourceTitle "EXT 2010"]
[Source "ChessBase"]
[SourceDate "2010.11.25"]
[SourceVersion "1"]
[SourceVersionDate "2010.11.25"]
[SourceQuality "1"]

1. d4 Nf6 2. Nf3 d5 3. c4 dxc4 4. e3 e6 5. Bxc4 a6 6. a4 Be7 7. 0-0 0-0 8. Qe2 c5 9. dxc5 Bxc5 10. e4 Nc6 11. e5 Nd7 12. Rd1 Qc7 13. Bf4 Rd8 14. Nc3 Be7 15. Rac1 Nf8 16. Bg3 Bd7 17. Ne4 Ng6 18. Bd3 Qa5 19. Nc3 Rac8 20. h4 Nb4 21. Be4 Bc6 22. h5 Nf8 23. Qe3 h6 24. Bxc6 Nxc6 25. Bf4 Rxd1+ 26. Rxd1 Rd8 27. Rxd8 Bxd8 28. Nd2 Nh7 29. Qg3 Kf8 30. Nc4 Qc5 31. Nd6 Qb4 32. Qf3 f5 33. exf6 1/2-1/2

[Event "Balaguer op 14th"]
[Site "Balaguer"]
[Date "2009.07.20"]
[Round "8"]
[White "Javakhadze, Zurab"]
[Black "Deepthamsh, Reddy M"]
[Result "0-1"]
[WhiteElo "2309"]
[BlackElo "2126"]
[PlyCount "72"]
[EventDate "2009.07.13"]
[EventType "swiss"]
[EventRounds "10"]
[EventCountry "ESP"]
[SourceTitle "CBM 131 Extra"]
[Source "ChessBase"]
[SourceDate "2009.09.03"]
[SourceVersion "2"]
[SourceVersionDate "2009.09.16"]
[SourceQuality "1"]

1. Nf3 Nf6 2. c4 c5 3. g3 b6 4. Bg2 Bb7 5. 0-0 g6 6. Nc3 Bg7 7. d3 0-0 8. Bd2 Nc6 9. e4 d6 10. a3 e6 11. Ne1 d5 12. exd5 exd5 13. Nc2 Qd7 14. cxd5 Ne7 15. Rb1 Nexd5 16. Ne4 Rad8 17. Qc1 Ba6 18. Ne1 Nxe4 19. Bxe4 Nf6 20. Bf3 Rfe8 21. Bg5 Qf5 22. Bg2 Rxd3 23. Nxd3 Bxd3 24. Be3 Ng4 25. Bh3 Qh5 26. Bxg4 Qxg4 27. Qd2 Qe4 28. Rbe1 Bxf1 29. Rxf1 Bd4 30. Re1 Bxe3 31. fxe3 Re5 32. Qd8+ Kg7 33. Qc7 Rf5 34. Qd6 Qc2 35. Qd1 Qf2+ 36. Kh1 Rh5 0-1

[Event "Balaguer op 14th"]
[Site "Balaguer"]
[Date "2009.07.18"]
[Round "6"]
[White "Roeder, Matthias"]
[Black "Deepthamsh, Reddy M"]
[Result "1-0"]
[WhiteElo "2438"]
[BlackElo "2126"]
[PlyCount "87"]
[EventDate "2009.07.13"]
[EventType "swiss"]
[EventRounds "10"]
[EventCountry "ESP"]
[SourceTitle "CBM 131 Extra"]
[Source "ChessBase"]
[SourceDate "2009.09.03"]
[SourceVersion "2"]
[SourceVersionDate "2009.09.16"]
[SourceQuality "1"]

1. Nf3 Nf6 2. c4 b6 3. g3 c5 4. Bg2 Bb7 5. 0-0 g6 6. b3 Bg7 7. Bb2 0-0 8. Nc3 d6 9. d4 cxd4 10. Qxd4 Nbd7 11. Qd2 Rc8 12. Rfd1 Nc5 13. Rac1 Qd7 14. Ne5 Qc7 15. Bxb7 Qxb7 16. Nd3 Nfe4 17. Nxe4 Bxb2 18. Qxb2 Qxe4 19. Nf4 Ne6 20. Nd5 Nc7 21. Qd4 Qe6 22. Nc3 Rfd8 23. e4 h5 24. h4 Qe5 25. Qxe5 dxe5 26. Rxd8+ Rxd8 27. Nd5 Rd7 28. Nxc7 Rxc7 29. Rd1 Kg7 30. Rd8 Kf6 31. Kf1 Ke6 32. Ke2 Rc6 33. Ra8 Rc7 34. Kd3 Kd6 35. Rd8+ Rd7 36. Rxd7+ Kxd7 37. f3 f6 38. g4 e6 39. gxh5 gxh5 40. b4 f5 41. b5 Kc7 42. Kc3 Kd7 43. Kb4 Kd6 44. c5+ 1-0

[Event "Balaguer op 14th"]
[Site "Balaguer"]
[Date "2009.07.15"]
[Round "3"]
[White "Deepthamsh, Reddy M"]
[Black "Pogorelov, Ruslan"]
[Result "1/2-1/2"]
[WhiteElo "2126"]
[BlackElo "2441"]
[PlyCount "43"]
[EventDate "2009.07.13"]
[EventType "swiss"]
[EventRounds "10"]
[EventCountry "ESP"]
[SourceTitle "CBM 131 Extra"]
[Source "ChessBase"]
[SourceDate "2009.09.03"]
[SourceVersion "2"]
[SourceVersionDate "2009.09.16"]
[SourceQuality "1"]

1. d4 Nf6 2. Nf3 e6 3. c4 b6 4. a3 Ba6 5. Nbd2 Bb7 6. Qc2 d5 7. cxd5 exd5 8. g3 Bd6 9. Bg2 Nbd7 10. 0-0 c5 11. dxc5 bxc5 12. e4 0-0 13. exd5 Bxd5 14. Re1 Nb6 15. Ng5 h6 16. Nde4 hxg5 17. Nxf6+ Qxf6 18. Bxd5 Rad8 19. Be3 Be5 20. Qxc5 Rxd5 21. Qxd5 Bxb2 22. Rad1 1/2-1/2

[Event "Sort op 5th"]
[Site "Sort"]
[Date "2009.06.28"]
[Round "5"]
[White "Deepthamsh, Reddy M"]
[Black "Fenil, Shah"]
[Result "1/2-1/2"]
[WhiteElo "2110"]
[BlackElo "2247"]
[PlyCount "70"]
[EventDate "2009.06.24"]
[EventType "swiss"]
[EventRounds "9"]
[EventCountry "ESP"]
[SourceTitle "CBM 131 Extra"]
[Source "ChessBase"]
[SourceDate "2009.09.03"]
[SourceVersion "2"]
[SourceVersionDate "2009.09.16"]
[SourceQuality "1"]

1. d4 c5 2. e3 e6 3. Nf3 b6 4. Bd3 Bb7 5. 0-0 Nf6 6. b3 Be7 7. Bb2 0-0 8. Nbd2 d6 9. c4 Nbd7 10. Rc1 Rc8 11. Qc2 Qc7 12. Rfd1 Qb8 13. dxc5 Rxc5 14. Ne4 Bxe4 15. Bxe4 d5 16. Bd3 b5 17. Qb1 dxc4 18. bxc4 bxc4 19. Rxc4 Rb5 20. Rc2 Rh5 21. Bd4 Qxb1 22. Rxb1 e5 23. g4 Nxg4 24. Bxa7 Bd6 25. Rd2 Ra8 26. Rb7 Nc5 27. Bxc5 Bxc5 28. Bc4 Rf5 29. Kg2 Bxe3 30. Rdd7 e4 31. Rxf7 exf3+ 32. Kg3 Bxf2+ 33. Kxg4 Rxf7 34. Bxf7+ Kf8 35. Kxf3 Ra7 1/2-1/2

[Event "New Delhi Parsvnath op 7th"]
[Site "New Delhi"]
[Date "2009.01.13"]
[Round "4"]
[White "Areshchenko, Alexander"]
[Black "Deepthamsh, Reddy M"]
[Result "1-0"]
[WhiteElo "2673"]
[BlackElo "2110"]
[PlyCount "57"]
[EventDate "2009.01.11"]
[EventType "swiss"]
[EventRounds "10"]
[EventCountry "IND"]
[SourceTitle "CBM 128 Extra"]
[Source "ChessBase"]
[SourceDate "2009.03.05"]
[SourceVersion "2"]
[SourceVersionDate "2009.03.25"]
[SourceQuality "1"]

1. e4 c5 2. Nf3 d6 3. d4 cxd4 4. Nxd4 Nf6 5. Nc3 a6 6. Be2 e5 7. Nb3 Be7 8. 0-0 0-0 9. Re1 Be6 10. Bf3 Nbd7 11. a4 Nc5 12. Nd2 Rc8 13. Nf1 Qd7 14. a5 Qc6 15. Nd5 Bxd5 16. exd5 Qc7 17. c4 b5 18. cxb5 axb5 19. Ne3 b4 20. Be2 Ra8 21. Nc4 Nb7 22. Be3 Nd7 23. Qa4 Nbc5 24. Qxb4 Rab8 25. Qc3 Rb3 26. Qc2 Qb7 27. a6 Qxd5 28. Na5 Rb6 29. Bc4 1-0

[Event "Commonwealth-ch"]
[Site "New Delhi"]
[Date "2007.12.08"]
[Round "8"]
[White "Deepthamsh, Reddy M"]
[Black "Umesha, BG Dilini"]
[Result "1-0"]
[WhiteElo "2005"]
[BlackElo "1886"]
[PlyCount "121"]
[EventDate "2007.12.03"]
[EventType "swiss"]
[EventRounds "10"]
[EventCountry "IND"]
[SourceTitle "CBM 121 Extra"]
[Source "ChessBase"]
[SourceDate "2008.01.10"]
[SourceVersion "1"]
[SourceVersionDate "2008.01.10"]
[SourceQuality "1"]

1. d4 d5 2. c4 e6 3. Nc3 Nf6 4. Bg5 c6 5. e3 Be7 6. Nf3 Nbd7 7. Rc1 h6 8. Bh4 0-0 9. Bd3 dxc4 10. Bxc4 a6 11. a3 b5 12. Bd3 Bb7 13. 0-0 Rc8 14. b4 Nd5 15. Bxe7 Qxe7 16. Qb3 Nxc3 17. Rxc3 e5 18. dxe5 c5 19. Bf5 Bxf3 20. Bxd7 c4 21. Qc2 Bxg2 22. Bxc8 Bxf1 23. Bf5 Bd3 24. Bxd3 cxd3 25. Qxd3 Qxe5 26. Rc5 Qe6 27. Qd5 Re8 28. Qxe6 Rxe6 29. Kf1 Rd6 30. Ke2 g5 31. Rc7 Kg7 32. Ra7 Kg6 33. Kf3 f5 34. Rc7 Kf6 35. Rc5 Ke6 36. Kg3 Kf6 37. h4 Kg6 38. hxg5 hxg5 39. Rc3 Kh5 40. f3 Kg6 41. Kh3 Kf6 42. Kg3 Ke5 43. Rc5+ Rd5 44. Rc6 Rd6 45. f4+ gxf4+ 46. exf4+ Kd5 47. Rxd6+ Kxd6 48. Kh4 Kd5 49. Kh5 Kc4 50. Kg5 Kb3 51. Kxf5 Kxa3 52. Ke5 Kxb4 53. f5 a5 54. f6 a4 55. f7 a3 56. f8Q+ Kb3 57. Qf3+ Kb2 58. Qe2+ Kc3 59. Qa2 Kb4 60. Kd4 Ka4 61. Kc3 1-0

[Event "Commonwealth-ch"]
[Site "New Delhi"]
[Date "2007.12.07"]
[Round "7"]
[White "Deshmukh, Anup"]
[Black "Deepthamsh, Reddy M"]
[Result "1-0"]
[WhiteElo "2271"]
[BlackElo "2005"]
[PlyCount "41"]
[EventDate "2007.12.03"]
[EventType "swiss"]
[EventRounds "10"]
[EventCountry "IND"]
[SourceTitle "CBM 121 Extra"]
[Source "ChessBase"]
[SourceDate "2008.01.10"]
[SourceVersion "1"]
[SourceVersionDate "2008.01.10"]
[SourceQuality "1"]

1. d4 d5 2. c4 c6 3. cxd5 cxd5 4. Bf4 Nc6 5. e3 e6 6. Nc3 Bd6 7. Bxd6 Qxd6 8. Rc1 Nf6 9. f4 0-0 10. Bd3 b6 11. Nf3 Bb7 12. 0-0 Rfc8 13. Ne5 Ne7 14. Qf3 g6 15. g4 h5 16. h3 Kg7 17. Rc2 hxg4 18. hxg4 Ne4 19. Nb5 Qd8 20. Rh2 f6 21. Qh1 1-0